Biodiversity and the ecosystem approach in agriculture, forestry and fisheries. (Registro nro. 5035)
[ vista simple ]
| 000 -CABECERA | |
|---|---|
| Campo de control | 02498cam a22002777a 4500 |
| 005 - FECHA Y HORA DE LA ULTIMA TRANSACCION | |
| Campo de control | 20150922115149.0 |
| 008 - ELEMENTOS DE LONGITUD FIJA—INFORMACION GENERAL | |
| Campo de control | 030602s2003 it ab b i100 0 eng d |
| 020 ## - ISBN | |
| ISBN | 9251049173 |
| 040 ## - FUENTE DE CATALOGACIÓN | |
| Agencia catalogadora original | FQG |
| Agencia transcriptora | FQG |
| Agencia Modificadora | DLC |
| -- | CO-BoIAVH |
| 041 0# - IDIOMA | |
| Código de idioma para texto/pista de sonido o título separado | Español |
| 044 ## - PAÍS DE PUBLICACIÓN | |
| País de publicación | Italia |
| 082 04 - NUMERO DE CLASIFICACION DECIMAL DEWEY | |
| Número de clasificación | 631.58 |
| Número del ítem | C73b |
| 110 2# - ASIENTO PRINCIPAL--NOMBRE CORPORATIVO | |
| Nombre corporativo o de jurisdicción como elemento de entrada | Commission on Genetic Resources for Food and Agriculture. |
| Unidad subordinad | Regular Session |
| Number of part/section/meeting | (9th : |
| Lugar de la reunión | Rome, Italy) |
| 9 (RLIN) | 39397 |
| 245 10 - MENCION DE TITULO | |
| Título | Biodiversity and the ecosystem approach in agriculture, forestry and fisheries. |
| 246 1# - FORMA VARIANTE DEL TITULO | |
| Título propiamente dicho/forma breve del título | Satellite event on the occasion of the Ninth Regular Session of the Commission on Genetic Resources for Food and Agriculture, Rome, 12-13 October 2002 : proceedings |
| 260 ## - PUBLICACION, DISTRIBUCION, ETC. (PIE DE IMPRENTA) | |
| Lugar de publicación, distribución, etc. | Roma (Italia) : |
| Nombre del editor, distribuidor, etc. | FAO Inter-Departmental Working Group on Biological Diversity for Food and Agriculture, |
| Fecha de publicación, distribución, etc. | 2003. |
| 300 ## - DESCRIPCION FISICA | |
| Extensión | v, 312 páginas : |
| Otros detalles físicos | ilustraciones y mapas ; |
| Dimensiones | 30 cm. |
| 504 ## - NOTA DE BIBLIOGRAFIA, ETC. | |
| Nota de bibliografía | Incluye referencias bibliográficas. |
| 520 ## - NOTA DE RESUMEN, ETC. | |
| Nota de resumen | Hay más de 500 millones de unidades de gestión agrícola en el mundo, mayoritariamente se encuentran en países en desarrollo. Trabajo de campo en curso de la FAO en más de 100.000 las comunidades rurales ha encontrado que todos esos administradores de fincas pueden entender sus granjas, campos, los bosques, los pastizales y la pesca como ecosistemas. Los agricultores, incluso en las regiones más pobres y con mayor inseguridad alimentaria del mundo, administrar genes por su decisión en las variedades de cultivos, manejo de especies por sus decisiones en los animales de granja y gestionar los ecosistemas por su decisión en la polinización del suelo. |
| 520 ## - NOTA DE RESUMEN, ETC. | |
| Nota de resumen | Los agricultores, pescadores y habitantes de los bosques no sólo entienden y pueden aplicar enfoques ecosistémicos en su toma de decisiones, sino también a comprender el impacto potencial de las amenazas ambientales a gran escala para su subsistencia. Programas de biodiversidad de la FAO aplican enfoques ecosistémicos para estimular la educación a nivel comunitario y de aprendizaje experiencial por la población rural. Los mismos enfoques educar a los legisladores nacionales que deseen cumplir con los compromisos adquiridos en los tratados ambientales sin dejar de cumplir las demandas de producción agrícolas. |
| 650 #0 - ASIENTO SECUNDARIO DE MATERIA - TERMINO TEMATICO | |
| Término temático o nombre geográfico como elemento de entrada | Agrobiodiversidad |
| Subdivisión de forma | Congresos. |
| 9 (RLIN) | 39398 |
| 650 #0 - ASIENTO SECUNDARIO DE MATERIA - TERMINO TEMATICO | |
| Término temático o nombre geográfico como elemento de entrada | Biodiversidad |
| Subdivisión de forma | Congresos. |
| 9 (RLIN) | 39399 |
| 650 #0 - ASIENTO SECUNDARIO DE MATERIA - TERMINO TEMATICO | |
| Término temático o nombre geográfico como elemento de entrada | Ecología agrícola |
| Subdivisión de forma | Congresos. |
| 9 (RLIN) | 39400 |
| 710 2# - ASIENTO SECUNDARIO - NOMBRE CORPORATIVO | |
| Nombre corporativo o de jurisdicción como elemento de entrada | Food and Agriculture Organization of the United Nations. |
| 9 (RLIN) | 3045 |
| 942 ## - ELEMENTOS ADICIONALES (KOHA) | |
| Sistema de clasificación | Dewey Decimal Classification |
| Tipo de ítem | Libro |
| Withdrawn status | Lost status | Sistema de Clasificación | Damaged status | No para préstamo | Colección | Inventariado | Ubicación Permanente | Ubicación actual | Fecha de adquisición | Fuente de Valor | Total Checkouts | Número topográfico | Inventario / Código de Barras | Date last seen | Ejemplar | Price effective from | Forma de adquisición | Tipo de material |
|---|---|---|---|---|---|---|---|---|---|---|---|---|---|---|---|---|---|---|
| Dewey Decimal Classification | General | Inventariado 2017 | Bogotá | Bogotá | 03/01/2006 | Amazon | LB-631.58 C73b | 022719 | 18/04/2013 | Ej. 1 | 04/12/2012 | Compra | Libro |